[Event "Chigorin Memorial 30th"]
[Site "St Petersburg"]
[Date "2023.10.24"]
[Round "4"]
[White "Antipov, Fedor"]
[Black "Aleksandrov, Danila"]
[Result "1/2-1/2"]
[WhiteElo "1959"]
[BlackElo "2160"]
[PlyCount "80"]
[EventDate "2023.10.21"]
[EventType "swiss"]
[EventRounds "9"]
[EventCountry "RUS"]
[SourceTitle "CBM 216 Extra"]
[Source "ChessBase"]
[SourceDate "2023.11.30"]
[SourceVersion "1"]
[SourceVersionDate "2023.11.30"]
[SourceQuality "1"]

1. e4 e5 2. Nf3 Nc6 3. Bb5 a6 4. Ba4 Nf6 5. 0-0 Be7 6. d3 b5 7. Bb3 0-0 8. Nc3 d6 9. a3 Be6 10. Nd5 Na5 11. Ba2 c6 12. Nxf6+ Bxf6 13. Bxe6 fxe6 14. b4 Nb7 15. c3 d5 16. Qe2 Nd6 17. exd5 exd5 18. Nxe5 Qe8 19. f4 Nf7 20. Re1 Bxe5 21. fxe5 Nd8 22. Qg4 Ne6 23. Be3 a5 24. Rf1 Qe7 25. Rxf8+ Nxf8 26. Rf1 axb4 27. axb4 Qxe5 28. Bd4 Qc7 29. Re1 Qf7 30. Bc5 Qd7 31. Qe2 Ng6 32. g3 Kf7 33. Rf1+ Kg8 34. Re1 Kf7 35. Rf1+ Kg8 36. Re1 Kf7 37. Rf1+ Kg8 38. Re1 Kf7 39. Rf1+ Kg8 40. Re1 Kf7 1/2-1/2

[Event "St Petersburg Korchnoi Memorial op"]
[Site "St Petersburg"]
[Date "2023.08.18"]
[Round "1"]
[White "Aleksandrov, Danila"]
[Black "Mullyaminova, Sofiya"]
[Result "1-0"]
[WhiteElo "2161"]
[BlackElo "1650"]
[PlyCount "79"]
[EventDate "2023.08.18"]
[EventType "swiss"]
[EventRounds "9"]
[EventCountry "RUS"]
[SourceTitle "CBM 216 Extra"]
[Source "ChessBase"]
[SourceDate "2023.11.30"]
[SourceVersion "1"]
[SourceVersionDate "2023.11.30"]
[SourceQuality "1"]

1. e4 c5 2. f4 d6 3. Nf3 Nc6 4. Bb5 Bd7 5. c3 Nf6 6. d3 e6 7. 0-0 Be7 8. Kh1 0-0 9. Ba4 Qc7 10. Be3 a6 11. Nbd2 b5 12. Bc2 d5 13. e5 Ng4 14. Bg1 Nh6 15. d4 c4 16. Ng5 g6 17. Ndf3 Nf5 18. Qe1 h6 19. Nh3 h5 20. Nhg5 Kg7 21. Bf2 b4 22. Bxf5 exf5 23. Bh4 Be6 24. cxb4 Nxb4 25. Nxe6+ fxe6 26. Bf6+ Kg8 27. Ng5 Qd7 28. Bxe7 Qxe7 29. Qd2 Rab8 30. b3 cxb3 31. axb3 Rb6 32. Rfc1 Rfb8 33. Rc3 Nc6 34. Rac1 Qd7 35. Nf3 Na5 36. Rc7 Qb5 37. Qe1 Rc6 38. R1xc6 Nxc6 39. Qg3 Qf1+ 40. Ng1 1-0

[Event "Olginka Orbit op"]
[Site "Olginka"]
[Date "2022.08.19"]
[Round "4"]
[White "Grachev, Boris V"]
[Black "Aleksandrov, Danila"]
[Result "1/2-1/2"]
[WhiteElo "2611"]
[BlackElo "2131"]
[PlyCount "169"]
[EventDate "2022.08.16"]
[EventType "swiss"]
[EventRounds "9"]
[EventCountry "RUS"]
[SourceTitle "CBM 209 Extra"]
[Source "ChessBase"]
[SourceDate "2022.09.30"]
[SourceVersion "1"]
[SourceVersionDate "2022.09.30"]
[SourceQuality "1"]

1. Nf3 d5 2. d4 Nf6 3. c4 c6 4. e3 e6 5. Nbd2 c5 6. dxc5 Bxc5 7. a3 Be7 8. b4 dxc4 9. Bxc4 0-0 10. 0-0 a6 11. Bb2 b5 12. Be2 Bb7 13. Nb3 Nbd7 14. Na5 Bd5 15. Qb1 Rc8 16. Bd3 Nc5 17. bxc5 Qxa5 18. Rc1 Bxf3 19. gxf3 Rxc5 20. Rxc5 Bxc5 21. Bxf6 gxf6 22. Bxh7+ Kg7 23. Kh1 Rh8 24. Qe4 Qd8 25. Rg1+ Kf8 26. Qc6 Bxa3 27. Qxa6 Bd6 28. Rc1 Kg7 29. Rd1 Rxh7 30. Qxd6 Qxd6 31. Rxd6 Rh5 32. Rb6 Rc5 33. Kg2 Rg5+ 34. Kh1 Rc5 35. f4 Rc1+ 36. Kg2 Rb1 37. f5 exf5 38. Kf3 Kg6 39. Rb8 Rb4 40. h3 Kg7 41. Rd8 Rb2 42. Rd5 Kg6 43. Rd1 Rb4 44. Rd2 Rh4 45. Kg3 Rb4 46. Rd5 f4+ 47. exf4 Rb3+ 48. Kg4 Rb2 49. Kf3 Rb3+ 50. Kg2 Rb4 51. Rc5 Rxf4 52. Rxb5 Ra4 53. Rb6 Ra3 54. Rb8 Ra5 55. Rg8+ Kh7 56. Rg3 Rg5 57. Kf3 Rf5+ 58. Ke3 Kh6 59. Rg8 Kh7 60. Rg4 Rh5 61. Rg3 Rh4 62. Kf3 Kh6 63. Kg2 Ra4 64. Rg8 Kh7 65. Re8 Kg7 66. Kg3 Ra3+ 67. Re3 Ra4 68. Rf3 Kg6 69. h4 Rb4 70. Ra3 Rb1 71. Ra8 Rb3+ 72. f3 Kg7 73. Ra4 Rb5 74. Rg4+ Kh6 75. Kf4 Kh7 76. Rg3 Ra5 77. Kg4 Kg6 78. Kh3+ Kh7 79. Rg4 Rb5 80. Rc4 Kg6 81. Kg4 Rb1 82. h5+ Kg7 83. Rc5 Rg1+ 84. Kf4 Rh1 85. Rf5 1/2-1/2

[Event "Tuapse op"]
[Site "Tuapse"]
[Date "2022.06.21"]
[Round "5"]
[White "Aleksandrov, Danila"]
[Black "Khripachenko, Alexander"]
[Result "1-0"]
[WhiteElo "2125"]
[BlackElo "2166"]
[PlyCount "53"]
[EventDate "2022.06.17"]
[EventType "swiss"]
[EventRounds "9"]
[EventCountry "RUS"]
[SourceTitle "CBM 209 Extra"]
[Source "ChessBase"]
[SourceDate "2022.09.30"]
[SourceVersion "1"]
[SourceVersionDate "2022.09.30"]
[SourceQuality "1"]

1. d4 Nf6 2. c4 e6 3. Nc3 Bb4 4. e3 0-0 5. Nf3 d5 6. Bd3 c5 7. 0-0 dxc4 8. Bxc4 cxd4 9. exd4 Nc6 10. a3 Be7 11. Re1 a6 12. Ba2 Bd7 13. Qd3 b5 14. d5 exd5 15. Nxd5 Nxd5 16. Qxd5 Qc8 17. Ng5 Bxg5 18. Bxg5 Be6 19. Qxe6 fxe6 20. Bxe6+ Qxe6 21. Rxe6 Nd4 22. Re4 Nb3 23. Rd1 Rac8 24. Re3 Na5 25. Re7 Rfe8 26. Rxe8+ Rxe8 27. Kf1 1-0

[Event "Tuapse op"]
[Site "Tuapse"]
[Date "2022.06.19"]
[Round "3"]
[White "Medvedev, Matvey"]
[Black "Aleksandrov, Danila"]
[Result "0-1"]
[WhiteElo "1938"]
[BlackElo "2125"]
[PlyCount "110"]
[EventDate "2022.06.17"]
[EventType "swiss"]
[EventRounds "9"]
[EventCountry "RUS"]
[SourceTitle "CBM 209 Extra"]
[Source "ChessBase"]
[SourceDate "2022.09.30"]
[SourceVersion "1"]
[SourceVersionDate "2022.09.30"]
[SourceQuality "1"]

1. d4 d5 2. c4 c6 3. cxd5 cxd5 4. Nc3 Nf6 5. Bf4 a6 6. e3 Nc6 7. Bd3 Bg4 8. Nge2 e6 9. 0-0 Bd6 10. Bxd6 Qxd6 11. Rc1 0-0 12. f3 Bh5 13. Na4 Rac8 14. Nf4 Bg6 15. Nxg6 hxg6 16. Rc3 e5 17. dxe5 Qxe5 18. Re1 d4 19. Rc5 Qd6 20. e4 Ne5 21. b4 Nfd7 22. Rxc8 Rxc8 23. a3 Qc6 24. Nc5 Nxc5 25. bxc5 Qxc5 26. f4 Nxd3 27. Qxd3 Qc3 28. Rd1 Qxd3 29. Rxd3 Rc4 30. Kf2 f5 31. e5 Kf7 32. h4 b5 33. Ke2 Rc2+ 34. Kf1 Rc3 35. Ke2 a5 36. Kd2 Rc4 37. Rb3 b4 38. axb4 Rxb4 39. Rxb4 axb4 40. Kc2 Ke6 41. Kd3 b3 42. Kd2 Kd5 43. Kd3 Kc5 44. Kd2 Kb4 45. e6 b2 46. e7 b1Q 47. e8Q Qb2+ 48. Kd1 Qxg2 49. Qe7+ Kc4 50. Qe6+ Kc3 51. Qc8+ Kd3 52. Qa6+ Ke3 53. Qa3+ Kxf4 54. Qd6+ Kf3 55. Qc6+ Kf2 0-1

[Event "Chigorin Memorial 28th"]
[Site "St Petersburg"]
[Date "2021.10.31"]
[Round "9"]
[White "Aleksandrov, Danila"]
[Black "Ponomarev, Grigori"]
[Result "0-1"]
[WhiteElo "2136"]
[BlackElo "2275"]
[PlyCount "78"]
[EventDate "2021.10.23"]
[EventType "swiss"]
[EventRounds "9"]
[EventCountry "RUS"]
[SourceTitle "EXT 2023"]
[Source "ChessBase"]
[SourceDate "2022.10.05"]
[SourceVersion "1"]
[SourceVersionDate "2022.10.05"]
[SourceQuality "1"]

1. e4 e5 2. Nf3 Nc6 3. Nc3 Nf6 4. a3 g6 5. d4 exd4 6. Nxd4 Bg7 7. Nde2 d6 8. Bf4 Qe7 9. Bg5 Be6 10. Nd5 Bxd5 11. exd5 Ne5 12. Qd4 h6 13. Bh4 0-0 14. 0-0-0 Rfd8 15. Nc3 c5 16. Qd2 b5 17. Bxb5 a6 18. Bc6 Rab8 19. Qe2 Qc7 20. f4 Nxc6 21. dxc6 Qxc6 22. Qf3 Qb6 23. b3 Qa5 24. Nb1 c4 25. Be1 Qb6 26. b4 a5 27. Bc3 axb4 28. axb4 d5 29. Bxf6 Qxf6 30. c3 d4 31. Qe4 dxc3 32. Rxd8+ Rxd8 33. Rd1 Rxd1+ 34. Kxd1 Qd6+ 35. Kc2 Qxb4 36. Qa8+ Kh7 37. Qa3 Qb7 38. Nxc3 Qxg2+ 39. Kb1 Qg1+ 0-1

[Event "Chigorin Memorial 28th"]
[Site "St Petersburg"]
[Date "2021.10.30"]
[Round "8"]
[White "Amanov, Zhanibek"]
[Black "Aleksandrov, Danila"]
[Result "1/2-1/2"]
[WhiteElo "2341"]
[BlackElo "2136"]
[PlyCount "74"]
[EventDate "2021.10.23"]
[EventType "swiss"]
[EventRounds "9"]
[EventCountry "RUS"]
[SourceTitle "EXT 2023"]
[Source "ChessBase"]
[SourceDate "2022.10.05"]
[SourceVersion "1"]
[SourceVersionDate "2022.10.05"]
[SourceQuality "1"]

1. d4 d5 2. c4 c6 3. Nc3 Nf6 4. e3 e6 5. Nf3 Nbd7 6. Be2 Bd6 7. 0-0 0-0 8. b3 Qe7 9. Bb2 b6 10. Re1 Bb7 11. Bd3 e5 12. dxe5 Nxe5 13. cxd5 cxd5 14. Nb5 Ba6 15. Bxe5 Bxe5 16. Nbd4 Bxd4 17. Nxd4 Bxd3 18. Qxd3 Rac8 19. a4 Ne4 20. a5 Qb4 21. axb6 axb6 22. Rec1 Rc5 23. Nf5 Rxc1+ 24. Rxc1 g6 25. Qd4 Qxd4 26. Nxd4 Ra8 27. b4 Ra2 28. f3 Nd6 29. Rc2 Rxc2 30. Nxc2 Nb5 31. Kf2 Kg7 32. Ke2 Kf6 33. Kd3 Ke5 34. f4+ Ke6 35. g4 f5 36. g5 Kd6 37. h4 Ke6 1/2-1/2

[Event "RUS-ch Rapid"]
[Site "Sochi"]
[Date "2021.10.12"]
[Round "1"]
[White "Aleksandrov, Danila"]
[Black "Sarana, Alexey"]
[Result "0-1"]
[WhiteElo "2136"]
[BlackElo "2649"]
[PlyCount "46"]
[EventDate "2021.10.12"]
[EventType "swiss (rapid)"]
[EventRounds "11"]
[EventCountry "RUS"]
[SourceTitle "CBM 204 Extra"]
[Source "ChessBase"]
[SourceDate "2021.11.30"]
[SourceVersion "1"]
[SourceVersionDate "2021.11.30"]
[SourceQuality "1"]

1. e4 c5 2. Nf3 d6 3. d4 cxd4 4. Nxd4 Nf6 5. Nc3 a6 6. Be3 Ng4 7. Bg5 h6 8. Bh4 g5 9. Bg3 Bg7 10. h3 Ne5 11. Nf5 Bxf5 12. exf5 Nbd7 13. Nd5 Nb6 14. Be2 Rc8 15. c3 Nxd5 16. Qxd5 Qb6 17. 0-0 Qxb2 18. Bh5 0-0 19. Rab1 Qxc3 20. Rxb7 Bf6 21. Rfb1 Qd3 22. Qa5 Qxf5 23. Bg4 Nf3+ 0-1

[Event "Sochi Lobanov Memorial Rapid"]
[Site "Sochi"]
[Date "2021.10.07"]
[Round "2"]
[White "Aleksandrov, Danila"]
[Black "Demidov, Mikhail"]
[Result "0-1"]
[WhiteElo "2136"]
[BlackElo "2551"]
[PlyCount "64"]
[EventDate "2021.10.07"]
[EventType "swiss (rapid)"]
[EventRounds "9"]
[EventCountry "RUS"]
[SourceTitle "CBM 204 Extra"]
[Source "ChessBase"]
[SourceDate "2021.11.30"]
[SourceVersion "1"]
[SourceVersionDate "2021.11.30"]
[SourceQuality "1"]

1. e4 g6 2. d4 Bg7 3. Nc3 a6 4. Be3 b5 5. Qd2 Bb7 6. Bd3 d6 7. a4 b4 8. Nd1 a5 9. c3 bxc3 10. bxc3 Nf6 11. f3 Ba6 12. Nb2 Nbd7 13. Bxa6 Rxa6 14. Ne2 0-0 15. 0-0 Qa8 16. Rab1 e6 17. Qc2 Rc8 18. Rfc1 c5 19. Qd3 Rac6 20. dxc5 Ne5 21. Qc2 d5 22. Bd4 Ned7 23. exd5 Nxd5 24. Nd3 Bf8 25. c4 Nb4 26. Nxb4 axb4 27. Rxb4 Nxc5 28. Ba1 Nd3 29. Qc3 Qa7+ 30. c5 Qxc5+ 31. Qxc5 Bxc5+ 32. Rxc5 Rxc5 0-1

[Event "Sochi Lobanov Memorial"]
[Site "Sochi"]
[Date "2021.10.04"]
[Round "7"]
[White "Lugovskoy, Maxim"]
[Black "Aleksandrov, Danila"]
[Result "1-0"]
[WhiteElo "2417"]
[BlackElo "2126"]
[PlyCount "99"]
[EventDate "2021.09.28"]
[EventType "swiss"]
[EventRounds "9"]
[EventCountry "RUS"]
[SourceTitle "CBM 204 Extra"]
[Source "ChessBase"]
[SourceDate "2021.11.30"]
[SourceVersion "1"]
[SourceVersionDate "2021.11.30"]
[SourceQuality "1"]

1. e4 e5 2. Nf3 Nf6 3. Nc3 Nc6 4. Bb5 Bd6 5. d3 a6 6. Ba4 h6 7. 0-0 0-0 8. a3 Re8 9. Bb3 Bf8 10. d4 d6 11. h3 exd4 12. Nxd4 Nxd4 13. Qxd4 Be6 14. Bxe6 Rxe6 15. Bf4 Qe7 16. f3 g6 17. Bh2 Bg7 18. Qb4 c6 19. Rad1 d5 20. Qxe7 Rxe7 21. exd5 Nxd5 22. Nxd5 cxd5 23. c3 d4 24. cxd4 Rd8 25. d5 Red7 26. d6 Bf8 27. Rfe1 Bxd6 28. Bxd6 Rxd6 29. Re8+ Rxe8 30. Rxd6 Re2 31. Rb6 Re7 32. g4 Kg7 33. Kf2 f6 34. f4 g5 35. Kf3 Kg6 36. b4 gxf4 37. Kxf4 Rc7 38. Ke4 Kg5 39. a4 Re7+ 40. Kd5 Kh4 41. Rxf6 Kxh3 42. Rxh6+ Kxg4 43. b5 axb5 44. axb5 Kf5 45. Kd6 Rg7 46. Re6 b6 47. Kd5 Rb7 48. Kc6 Rb8 49. Re1 Kf6 50. Kc7 1-0

[Event "Sochi Lobanov Memorial"]
[Site "Sochi"]
[Date "2021.10.03"]
[Round "6"]
[White "Aleksandrov, Danila"]
[Black "Khripachenko, Alexander"]
[Result "1-0"]
[WhiteElo "2126"]
[BlackElo "2210"]
[PlyCount "84"]
[EventDate "2021.09.28"]
[EventType "swiss"]
[EventRounds "9"]
[EventCountry "RUS"]
[SourceTitle "CBM 204 Extra"]
[Source "ChessBase"]
[SourceDate "2021.11.30"]
[SourceVersion "1"]
[SourceVersionDate "2021.11.30"]
[SourceQuality "1"]

1. e4 c5 2. Nf3 Nc6 3. d4 cxd4 4. Nxd4 Qb6 5. Nb3 Nf6 6. Nc3 e6 7. Bd3 a6 8. 0-0 Qc7 9. a4 Be7 10. f4 d6 11. a5 b5 12. axb6 Qxb6+ 13. Kh1 0-0 14. Qf3 Bb7 15. Be3 Qc7 16. Ra4 a5 17. Rfa1 Rfb8 18. Nb5 Qd8 19. N5d4 d5 20. e5 Ne4 21. Bb5 Nxd4 22. Bxd4 Bc8 23. Bd3 Bb4 24. c3 Bf8 25. Rxa5 Rxa5 26. Nxa5 Rxb2 27. c4 Bc5 28. Nc6 Bxd4 29. Nxd8 Nf2+ 30. Qxf2 Bxf2 31. Ra8 Rd2 32. g3 Rxd3 33. Rxc8 h5 34. Nxe6+ Kh7 35. Nf8+ Kh6 36. cxd5 Rxd5 37. Rc6+ g6 38. Rc7 Kg7 39. Ne6+ Kg8 40. Rc8+ Kh7 41. Ng5+ Kg7 42. Rc7 h4 1-0

[Event "Sochi Lobanov Memorial"]
[Site "Sochi"]
[Date "2021.10.02"]
[Round "5"]
[White "Minkhajdarov, Ruslan"]
[Black "Aleksandrov, Danila"]
[Result "0-1"]
[WhiteElo "1496"]
[BlackElo "2126"]
[PlyCount "56"]
[EventDate "2021.09.28"]
[EventType "swiss"]
[EventRounds "9"]
[EventCountry "RUS"]
[SourceTitle "CBM 204 Extra"]
[Source "ChessBase"]
[SourceDate "2021.11.30"]
[SourceVersion "1"]
[SourceVersionDate "2021.11.30"]
[SourceQuality "1"]

1. e4 c6 2. d4 d5 3. exd5 cxd5 4. Bd3 Nc6 5. c3 Nf6 6. h3 e5 7. dxe5 Nxe5 8. Nf3 Nxd3+ 9. Qxd3 Bd6 10. 0-0 0-0 11. Be3 Bd7 12. Nbd2 Re8 13. Rfd1 Qc8 14. Nf1 Bxh3 15. gxh3 Qxh3 16. N3h2 Ng4 17. Bf4 Nxf2 18. Kxf2 Bc5+ 19. Be3 Bxe3+ 20. Nxe3 Qxh2+ 21. Ng2 Re6 22. Qxd5 Rf6+ 23. Ke2 Re8+ 24. Kd3 Rd6 25. Ne3 Rxd5+ 26. Nxd5 Qe2+ 27. Kd4 Re4+ 28. Kc5 Qc4+ 0-1

[Event "Malaya Zemlya Rapid op"]
[Site "Novorossiysk"]
[Date "2021.07.11"]
[Round "6"]
[White "Lintchevski, Daniil"]
[Black "Aleksandrov, Danila"]
[Result "1-0"]
[WhiteElo "2555"]
[BlackElo "2199"]
[PlyCount "249"]
[EventDate "2021.07.10"]
[EventType "swiss (rapid)"]
[EventRounds "9"]
[EventCountry "RUS"]
[SourceTitle "CBM 203 Extra"]
[Source "ChessBase"]
[SourceDate "2021.09.30"]
[SourceVersion "1"]
[SourceVersionDate "2021.09.30"]
[SourceQuality "1"]

1. Nf3 d5 2. g3 c6 3. Bg2 Bg4 4. 0-0 Nd7 5. d4 e6 6. Nbd2 Ngf6 7. Re1 Bd6 8. e4 Nxe4 9. Nxe4 dxe4 10. Rxe4 Bf5 11. Re1 h6 12. c3 0-0 13. Qb3 Qc7 14. Nd2 Nb6 15. Ne4 Be7 16. Bf4 Qd7 17. Nc5 Qc8 18. a4 Rd8 19. a5 Bxc5 20. dxc5 Nd5 21. Bd6 Rd7 22. a6 b5 23. c4 bxc4 24. Qxc4 Qd8 25. b4 Rc8 26. b5 cxb5 27. Qxb5 Rxd6 28. cxd6 Qxd6 29. Bxd5 exd5 30. Re8+ Kh7 31. Rxc8 Bxc8 32. Qd3+ Kg8 33. Qe3 Qf6 34. Re1 Bxa6 35. Qxa7 Kh7 36. Qe7 Qxe7 37. Rxe7 Kg6 38. Rd7 Bc4 39. f3 Kf6 40. Kf2 Ke6 41. Rd8 Ke7 42. Rg8 Kf6 43. Ke3 Bb3 44. Rb8 Bc4 45. Kd4 Be2 46. Rb2 Bc4 47. Rb6+ Kf5 48. Rb7 Kf6 49. g4 Be2 50. Rb2 Bc4 51. h4 g6 52. Rb6+ Kg7 53. Ke5 Be2 54. Rb3 Bc4 55. Ra3 f6+ 56. Kd4 h5 57. Ra7+ Kh6 58. gxh5 gxh5 59. Ke3 Kg6 60. Kf4 Bb3 61. Ra3 Bc4 62. Ra1 Bb3 63. Rg1+ Kf7 64. Ke3 Ke6 65. Kf4 Kf7 66. Rb1 Bc4 67. Rb8 Kg6 68. Rh8 Be2 69. Ke3 Bc4 70. Kf4 Be2 71. Rd8 Bc4 72. Rb8 Ba2 73. Rb2 Bc4 74. Rb1 Bd3 75. Rg1+ Kf7 76. Rd1 Bc4 77. Kf5 Be2 78. Rxd5 Bxf3 79. Rd7+ Ke8 80. Rg7 Bg4+ 81. Kxf6 Kf8 82. Re7 Kg8 83. Rf7 Bf3 84. Rc7 Bg4 85. Rb7 Bf3 86. Rd7 Bg4 87. Ra7 Be2 88. Ra8+ Kh7 89. Ra5 Bg4 90. Rg5 Bf3 91. Rg7+ Kh6 92. Rg5 Bg4 93. Kf7 Kh7 94. Rg7+ Kh6 95. Kg8 Be6+ 96. Kh8 Bf5 97. Rg5 Be6 98. Re5 Bf7 99. Rg5 Be6 100. Rg7 Bd5 101. Rd7 Be4 102. Kg8 Bg6 103. Kf8 Bf5 104. Rd6+ Kh7 105. Kf7 Be4 106. Kf6 Bf3 107. Kg5 Kg7 108. Rd7+ Kf8 109. Kf6 Kg8 110. Kg6 Be4+ 111. Kxh5 Bf5 112. Rc7 Kh8 113. Kh6 Be6 114. Kg6 Bd5 115. Rh7+ Kg8 116. Re7 Kh8 117. h5 Bc4 118. Rh7+ Kg8 119. Rd7 Kh8 120. h6 Bb3 121. Rh7+ Kg8 122. Rc7 Kh8 123. h7 Bc2+ 124. Kh6 Bf5 125. Rf7 1-0

[Event "Tuapse Blitz op"]
[Site "Tuapse"]
[Date "2021.07.08"]
[Round "6"]
[White "Aleksandrov, Danila"]
[Black "Turov, Maxim"]
[Result "0-1"]
[WhiteElo "2199"]
[BlackElo "2565"]
[PlyCount "116"]
[EventDate "2021.07.08"]
[EventType "swiss (blitz)"]
[EventRounds "13"]
[EventCountry "RUS"]
[SourceTitle "CBM 203 Extra"]
[Source "ChessBase"]
[SourceDate "2021.09.30"]
[SourceVersion "1"]
[SourceVersionDate "2021.09.30"]
[SourceQuality "1"]

1. d4 Nf6 2. c4 e6 3. Nc3 Bb4 4. Bg5 h6 5. Bh4 c5 6. d5 d6 7. e3 Bxc3+ 8. bxc3 Qe7 9. Bd3 Nbd7 10. Ne2 e5 11. f4 g5 12. fxg5 Ng4 13. Ng3 Nxe3 14. Qf3 hxg5 15. Qxe3 gxh4 16. Nf5 Qf6 17. 0-0 Nf8 18. Ng3 Qh6 19. Qxh6 Rxh6 20. Nf5 Bxf5 21. Rxf5 Ke7 22. Raf1 f6 23. R5f2 Nd7 24. Rb2 Rb8 25. Rfb1 b6 26. a4 Rh5 27. Rf2 Rg5 28. Rbf1 Rbg8 29. Bf5 Nf8 30. Bh3 R8g6 31. Bf5 Rg7 32. Bh3 f5 33. Rxf5 Rxf5 34. Rxf5 Ng6 35. Rg5 Kf6 36. Rf5+ Ke7 37. Rg5 Kf7 38. Be6+ Kf8 39. Rf5+ Ke8 40. Rh5 Nf4 41. Rh8+ Ke7 42. Ra8 Rxg2+ 43. Kf1 Rxh2 44. Rxa7+ Kf6 45. Rf7+ Kg6 46. Rd7 h3 47. Rxd6 Kg5 48. Rd8 e4 49. Rg8+ Kf6 50. Rf8+ Kg5 51. Rf5+ Kg4 52. d6 e3 53. Rf8+ Kg3 54. Rg8+ Kf3 55. Bd5+ Nxd5 56. Rf8+ Nf4 57. Rxf4+ Kxf4 58. d7 Rd2 0-1

[Event "Tuapse Blitz op"]
[Site "Tuapse"]
[Date "2021.07.08"]
[Round "13"]
[White "Kryakvin, Dmitry"]
[Black "Aleksandrov, Danila"]
[Result "1-0"]
[WhiteElo "2574"]
[BlackElo "2199"]
[PlyCount "89"]
[EventDate "2021.07.08"]
[EventType "swiss (blitz)"]
[EventRounds "13"]
[EventCountry "RUS"]
[SourceTitle "CBM 203 Extra"]
[Source "ChessBase"]
[SourceDate "2021.09.30"]
[SourceVersion "1"]
[SourceVersionDate "2021.09.30"]
[SourceQuality "1"]

1. Nf3 d5 2. e3 Nf6 3. c4 c6 4. Nc3 e6 5. b3 Be7 6. Bb2 Nbd7 7. d4 0-0 8. Bd3 b6 9. 0-0 Bb7 10. Qc2 Rc8 11. Rad1 Qc7 12. Rfe1 Rfd8 13. e4 dxe4 14. Nxe4 Nxe4 15. Bxe4 Nf6 16. Bd3 Bb4 17. Re2 h6 18. c5 bxc5 19. a3 Ba5 20. dxc5 Qe7 21. Be5 Nd5 22. Qb2 f6 23. Bd6 Qf7 24. b4 Bc7 25. Bxc7 Nxc7 26. Red2 Nd5 27. Qc2 Qc7 28. g3 Re8 29. Nd4 Re7 30. Re1 Rce8 31. Bg6 e5 32. Nf5 Bc8 33. Nd6 Rd8 34. Be4 Be6 35. Bh7+ Kh8 36. Be4 Red7 37. Red1 Kg8 38. Bg2 Rxd6 39. cxd6 Qxd6 40. Rc1 Rc8 41. Qc5 Qd7 42. Bxd5 cxd5 43. Qxc8+ Qxc8 44. Rxc8+ Bxc8 45. Rxd5 1-0

[Event "Tuapse Rapid op"]
[Site "Tuapse"]
[Date "2021.07.07"]
[Round "6"]
[White "Aleksandrov, Danila"]
[Black "Gubajdullin, Alexey"]
[Result "0-1"]
[WhiteElo "2199"]
[BlackElo "2326"]
[PlyCount "60"]
[EventDate "2021.07.06"]
[EventType "swiss (rapid)"]
[EventRounds "9"]
[EventCountry "RUS"]
[SourceTitle "CBM 203 Extra"]
[Source "ChessBase"]
[SourceDate "2021.09.30"]
[SourceVersion "1"]
[SourceVersionDate "2021.09.30"]
[SourceQuality "1"]

1. d4 g6 2. e4 Bg7 3. Nc3 d6 4. Be3 c6 5. Qd2 b5 6. a4 b4 7. Nd1 a5 8. c3 Nf6 9. Bd3 bxc3 10. bxc3 Ba6 11. f3 Bxd3 12. Qxd3 Qc8 13. Ne2 Qa6 14. Nb2 Qxd3 15. Nxd3 Nbd7 16. Kf2 0-0 17. Rhb1 Rfb8 18. Rb2 Rxb2 19. Nxb2 Nb6 20. Rb1 Nfd7 21. Nc1 Rb8 22. Nb3 f5 23. Nd2 fxe4 24. fxe4 c5 25. Rc1 Rc8 26. Nb3 Nf6 27. Kf3 Rf8 28. Nxa5 Nfd5+ 29. Ke2 Nxe3 30. Kxe3 Bh6+ 0-1

[Event "Tuapse Rapid op"]
[Site "Tuapse"]
[Date "2021.07.06"]
[Round "5"]
[White "Zakaryan, David"]
[Black "Aleksandrov, Danila"]
[Result "0-1"]
[WhiteElo "2311"]
[BlackElo "2199"]
[PlyCount "106"]
[EventDate "2021.07.06"]
[EventType "swiss (rapid)"]
[EventRounds "9"]
[EventCountry "RUS"]
[SourceTitle "CBM 203 Extra"]
[Source "ChessBase"]
[SourceDate "2021.09.30"]
[SourceVersion "1"]
[SourceVersionDate "2021.09.30"]
[SourceQuality "1"]

1. d4 d5 2. c4 c6 3. Nf3 Nf6 4. Nc3 e6 5. Bg5 h6 6. Bxf6 Qxf6 7. e3 Nd7 8. Qc2 g6 9. Bd3 Bg7 10. 0-0 0-0 11. e4 dxc4 12. Bxc4 e5 13. d5 Nb6 14. dxc6 bxc6 15. Bb3 Bg4 16. Nd2 Rfd8 17. Nc4 Nxc4 18. Bxc4 Qg5 19. Qc1 Rd4 20. Qxg5 hxg5 21. Bb3 Rad8 22. Rac1 Rd2 23. Na4 Be2 24. Rfe1 Bb5 25. Nc3 Ba6 26. Red1 Bf8 27. Nb1 Rxd1+ 28. Rxd1 Rd4 29. Rxd4 exd4 30. a3 Bd6 31. g3 Be5 32. Nd2 d3 33. Bc4 Bb5 34. b3 Bc3 35. Nb1 Bxc4 36. bxc4 Ba5 37. Kf1 f5 38. exf5 gxf5 39. f4 gxf4 40. gxf4 Bc7 41. Kf2 Bxf4 42. h3 Kf7 43. Kf3 Bc1 44. a4 Kf6 45. Nc3 Ke5 46. h4 Kd4 47. Nd1 Kxc4 48. h5 Kb3 49. Ne3 Bxe3 50. Kxe3 Kc2 51. h6 d2 52. h7 d1Q 53. h8Q Qd2+ 0-1